ՀՀ Գիտությունների ազգային ակադեմիայի հիմնարար գիտական գրադարան  =   Fundamental Scientific Library of NAS RA

Սերը կատակ չի սիրում : (Record no. 102818)

MARC details
000 -LEADER
fixed length control field 00863nam a2200217 a 4500
001 - CONTROL NUMBER
control field 000281071
003 - CONTROL NUMBER IDENTIFIER
control field AM-YeHGA
005 - DATE AND TIME OF LATEST TRANSACTION
control field 20250617125711.0
008 - FIXED-LENGTH DATA ELEMENTS--GENERAL INFORMATION
fixed length control field 031107s1979 ai 000 | arm d
040 ## - CATALOGING SOURCE
Original cataloging agency AM-YeHGA
041 0# - LANGUAGE CODE
Language code of text/sound track or separate title arm
090 ## - LOCALLY ASSIGNED LC-TYPE CALL NUMBER (OCLC); LOCAL CALL NUMBER (RLIN)
-- 104137
245 10 - TITLE STATEMENT
Title Սերը կատակ չի սիրում :
Remainder of title Պիեսներ /
Statement of responsibility, etc. Ս.Մ. Ղալումյան; Խմբ.՝ Վ.Ա. Ղազարյան; Առաջաբ.՝ Վ.Լ. Վարդանյան; Նկ.՝ Լ.Ա. Մանասերյան.
260 ## - PUBLICATION, DISTRIBUTION, ETC.
Place of publication, distribution, etc. Երևան :
Name of publisher, distributor, etc. Սովետական գրող,
Date of publication, distribution, etc. 1979.
300 ## - PHYSICAL DESCRIPTION
Extent 257 էջ :
Other physical details 1 թ. դիմանկ. ;
Dimensions 20 սմ.
650 14 - SUBJECT ADDED ENTRY--TOPICAL TERM
Topical term or geographic name entry element Հայ գրականություն
General subdivision Թատերգություն
700 1# - ADDED ENTRY--PERSONAL NAME
Personal name Ղազարյան, Վ.Ա
Relator term խմբ.
Relationship edt
700 1# - ADDED ENTRY--PERSONAL NAME
Personal name Վարդանյան, Վ.Լ.
Relator term խմբ.
Relationship edt
700 1# - ADDED ENTRY--PERSONAL NAME
Personal name Մանասերյան, Լ.Ա.
Relator term նկ.
Relationship art
942 ## - ADDED ENTRY ELEMENTS (KOHA)
Source of classification or shelving scheme Universal Decimal Classification
Koha item type Գրքեր / Books
Holdings
Withdrawn status Lost status Damaged status Not for loan Collection Home library Current library Date acquired Total checkouts Full call number Barcode Date last seen Price effective from Koha item type Public note
        General Fundamental Scientific Library Fundamental Scientific Library 22/12/2016   891.981 220062415 22/12/2016 22/12/2016 Գրքեր / Books 30 Days Loan
        General Fundamental Scientific Library Fundamental Scientific Library 22/12/2016   891.981 220062474 22/12/2016 22/12/2016 Գրքեր / Books 30 Days Loan
        General Fundamental Scientific Library Fundamental Scientific Library 22/12/2016   891.981 220063127 22/12/2016 22/12/2016 Գրքեր / Books 30 Days Loan


ՀՀ ԳԱԱ հիմնարար գիտական գրադարան
ՀՀ,Երևան 0019
Մարշալ Բաղրամյան 24/6
հեռախոս:(374-10) 52-47-50
Հետադարձ կապ

All site content, except where otherwise noted, is licensed under a
Creative Commons License